| 000 | 01900nam a22004574a 4500 | ||
|---|---|---|---|
| 001 | ebr10171508 | ||
| 003 | CaPaEBR | ||
| 006 | m u | ||
| 007 | cr cn||||||||| | ||
| 008 | 051220s2006 nyua sb 001 0 eng | ||
| 010 | _z 2005057634 | ||
| 015 |
_aGBA670289 _2bnb |
||
| 016 | 7 |
_z013532179 _2Uk |
|
| 020 | _z1403975183 (alk. paper) | ||
| 020 | _z9781403975188 | ||
| 040 |
_aCaPaEBR _cCaPaEBR |
||
| 035 | _a(OCoLC)191934556 | ||
| 043 | _ae-fr--- | ||
| 050 | 1 | 4 |
_aPN2632 _b.P74 2006eb |
| 082 | 0 | 4 |
_a791.0944/09032 _222 |
| 100 | 1 | _aPrest, Julia. | |
| 245 | 1 | 0 |
_aTheatre under Louis XIV _h[electronic resource] : _bcross-casting and the performance of gender in drama, ballet and opera / _cJulia Prest. |
| 246 | 3 | _aTheatre under Louis 14 | |
| 246 | 3 | _aTheatre under Louis the fourteenth | |
| 250 | _a1st ed. | ||
| 260 |
_aNew York : _bPalgrave Macmillan, _c2006. |
||
| 300 |
_a195 p. : _bill. |
||
| 504 | _aIncludes bibliographical references (p. [179]-189) and index. | ||
| 533 |
_aElectronic reproduction. _bPalo Alto, Calif. : _cebrary, _d2013. _nAvailable via World Wide Web. _nAccess may be limited to ebrary affiliated libraries. |
||
| 650 | 0 |
_aPerforming arts _zFrance _xHistory _y17th century. |
|
| 650 | 0 |
_aPerforming arts _zFrance _xHistory _y18th century. |
|
| 650 | 0 |
_aFemale impersonators _zFrance _xHistory _y17th century. |
|
| 650 | 0 |
_aFemale impersonators _zFrance _xHistory _y18th century. |
|
| 650 | 0 |
_aMale impersonators _zFrance _xHistory _y17th century. |
|
| 650 | 0 |
_aMale impersonators _zFrance _xHistory _y18th century. |
|
| 650 | 0 |
_aFrench drama _y17th century _xHistory and criticism. |
|
| 650 | 0 |
_aFrench drama _y18th century _xHistory and criticism. |
|
| 655 | 7 |
_aElectronic books. _2local |
|
| 710 | 2 | _aebrary, Inc. | |
| 856 | 4 | 0 |
_uhttp://site.ebrary.com/lib/rucke/Doc?id=10171508 _zAn electronic book accessible through the World Wide Web; click to view |
| 999 |
_c138517 _d138517 |
||